| LEADER 00000nam 2200000uu 4500 |
| 001 13399118702 |
| 003 ULIBM |
| 008 170523s2011||||th 000 0 tha d |
| 020 ^a9786162350092
|
| 082 0 ^a923.1593^bT289R
|
| 100 0 ^aThe National Identity Foundation.
|
| 245 0 ^aRoyal Activities and International Cooperation /^cby The National Identity Foundation.
|
| 250 ^a1 st ed.
|
| 260 ^aBangkok :^bThe National Identity Foundation,^c2011.
|
| 300 ^a315 p. :^bcol. ill. ;^c26 cm.
|
| 600 00 ^aBhumibol Adulyadej,^cKing of Thailand,^d1927-2016
|
| 650 0 ^aEconomic development projects^zThailand.
|
| 650 0 ^aRural development^zThailand.
|
| 650 0 ^aSustainable development^zThailand.
|
| 710 0 ^aNational Identity Office Foundation.
|
| 999 ^aจริญญา
|
หนังสือดีน่าอ่าน

“ดั่งดวงแก้ว ส่องสว่าง ทางสายงาม”
จัดทำขึ้นเพื่อเฉลิมพระเกียรติ สมเด็จพระเทพรัตนราชสุดา ฯ สยามบรมราชกุมารี
เนื่องในโอกาสมหามงคลเฉลิมพระชนมพรรษา ๕ รอบ ๒ เมษายน ๒๕๕๘
โดยหนังสือเล่มนี้ได้รวบรวม ๖๐ พระอัจฉริยภาพของสมเด็จพระเทพ ฯ
ผู้อ่านจะได้รับแรงบันดาลใจให้พากเพียรเรียนรู้และขยันอดทนทำการงาน
ตามรอยเบื้องพระยุคลบาท เพราะพระองค์ทรงเป็นแบบอย่างอันดีเยี่ยมในทุกด้าน
ทั้งในความใฝ่รู้ใฝ่เรียน คุณธรรมจริยธรรม พระวิริยอุตสาหะในการทรงงาน
และอื่นๆอีกมากมาย ล้วนสามารถสร้างแรงบันดาลใจให้แก่เด็กและเยาวชน
อีกทั้งประชาชนทั่วไป ให้พากเพียรเรียนรู้และขยันอดทนทำการงานตามรอยพระยุคลบาท
เพื่อฝึกฝนตนเองให้เป็นคนดีคนเก่งของครอบครัวและสังคมต่อไป